|
|
|
|
| LEADER |
01320ncm a2200289 a 4500 |
| 001 |
000060880 |
| 003 |
CZ BrMZK |
| 005 |
20220908072600.0 |
| 008 |
010907s1996 xr f cze d |
| 040 |
|
|
|a BOA001
|b cze
|
| 080 |
|
|
|a 785.7
|2 MRF
|
| 080 |
|
|
|a 788.5.087.3
|2 MRF
|
| 100 |
1 |
|
|a Bendusi, Francesco,
|d -asi 1553
|7 mzk2009512338
|4 cmp
|
| 245 |
1 |
0 |
|a Italské renesanční skladby
|h [hudebnina] :
|b [Bendusi, Galilei, Gabrieli, Palestrina, Maschera, Banchieri]. : pro čtyři zobcové flétny (2 sopránové, altovou a tenorovou) /
|c úprava M. Klement.
|
| 260 |
|
|
|a Praha :
|b Bärenreiter Editio Supraphon,
|c [1996], c1982
|
| 300 |
|
|
|a 1 partitura (22 s.) ;
|c 24 cm +
|e 4 hlasy (po 5 s.); 31 cm
|
| 490 |
1 |
|
|a Hrajeme doma ;
|v 16
|
| 700 |
1 |
|
|a Banchieri, Adriano,
|d 1568-1634
|7 xx0013152
|4 cmp
|
| 700 |
1 |
|
|a Gabrieli, Giovanni,
|d asi 1553-1612
|7 jn20000601678
|4 cmp
|
| 700 |
1 |
|
|a Galilei, Vincenzo,
|d 1533-1591
|7 xx0064080
|4 cmp
|
| 700 |
1 |
|
|a Maschera, Fiorenzo,
|d asi 1540-asi 1580
|7 xx0021388
|4 cmp
|
| 700 |
1 |
|
|a Palestrina, Giovanni Pierluigi da,
|d 1525-1594
|7 jn20000604332
|4 cmp
|
| 700 |
1 |
|
|a Klement, Miloslav,
|d 1931-
|7 jk01060385
|4 ant
|
| 830 |
|
0 |
|a Hrajeme doma
|
| 910 |
|
|
|a BOA001
|b Mus4-1018.259
|
| 990 |
|
|
|a MU
|
| 996 |
6 |
|
|b 2610380940
|c Mus4-1018.259
|l MZK
|r Sklad / do 1 hodiny
|n 3
|p dar xerox
|w 000060880
|u 000020
|a 1
|e BOA001
|j MZK50
|s P
|